00964nas a2200289 4500001001000000003000900010005001700019007000300036008003400039040005400073041000900127072001300136100002200149100001600171100001600187245012100203246011200324650000900436650002000445650002000465650001200485650001300497650001400510650002200524650001300546773011500559BR9214250BR-BrBNA20231205093605.0ta230509b bl.|||p| |||| 00| 00por d aBR-BrBNAbporcBiblioteca Nacional de Agricultura a(Pt) aF04; P341 aOliveira, L.A. de1 aSmyth, T.J.1 aBonetti, R.1 aEfeito de adubacoes anteriores na nodulacao e rendimento da soja e do feijao-caupi num latossolo amarelo da Amazonia1 aEffect of previous soil fertilization on nodulation and yield of soybeans and cowpea in an Amazonian oxisol aSoja aFeijao de Corda aEfeito Residual aCalagem aAdubacao aNodulacao aLatossolo Amarelo aAmazonia0 tRevista Brasileira de Ciencia do Solo (Brazil)xISSN 0100-0683g(May-Aug 1992), v. 16(2) p. 195-201wBR9214250